Responses for Show #2560 - Friday, October 20, 1995

Contestants

[<< previous game]

Jerry Meisner, a financial consultant from Studio City, California

Reita Louis, a quality assurance technician from Akron, Ohio

Jeff Strobel, a U.S. naval officer originally from Norton, Ohio

[next game >>]

Jeopardy! Round responses

SOUTH AMERICA
FILMS OF THE '90s
TRANSPORTATION
HISTORY
"HIGH"
SOCIETY
    $100 6
Spanish

Jeff
    $100 26
(Jerry: What is The Hunt for Red October?)
...
(Alex: Jeff, the Navy man, should know this, [*], starring Denzel Washington.)

Crimson Tide

Jerry
Triple Stumper
    $100 11
chariots

Reita
    $100 1
Rome

Jeff
    $100 12
the high jump

Jerry
    $100 19
a neighborhood

Reita
    $200 7
Ecuador

Jeff
    $200 27
Unforgiven

Reita
    $200 13
a moped

Reita
    $200 2
Protestantism

Jeff
    $200 14
knee high

Jerry
    $200 20
etiquette

Jeff
    $300 8
Montevideo

Jeff
    $300 28
Thing

Jeff
    $300 16
Elizabeth Dole

Jeff
    $300 3
Nicholas II

Jeff
    $300 15
high & dry

Jeff
    $300 21
[NOTE: This was the 420,000th clue entered into the J! Archive, on 2021-07-18.]

young urban professional

Jeff
    $400 9
Argentina

Jeff
    $400 29
Aladdin

Jeff
    $400 17
New Hampshire

Reita
    $400 4
the Peloponnesian War

Jerry
    $400 24
the High Holidays

Jerry
    $400 22
a kibbutz

Reita
    $500 10
Machu Picchu

Jerry
    $500 30
Patrick Swayze

Jeff
    $500 18
New York City

Jeff
    $500 5
Iraq

Triple Stumper
    $500 25
(Alex: That show was hosted by someone familiar to you all, I hope.)
[Laughter]

the high rollers

Reita
    $500 23
the Me Decade

Jerry

Scores at the first commercial break (after clue 15):

Jeff Reita Jerry
$1,900 $300 $1,200

Scores at the end of the Jeopardy! Round:

Jeff Reita Jerry
$4,400 $1,900 $2,000

Double Jeopardy! Round responses

WWII
SHAKESPEAREAN CHARACTERS
TEXTILES
AROUND THE WORLD
MYSTERIES
POTPOURRI
    $200 4
(1 of) the Arizona (or the Oklahoma)

Jerry
    $200 16
Cleopatra

Jerry
    $200 1
cheesecloth

Reita
    $200 9
Holland

Jerry
    $200 23
Sir Arthur Conan Doyle

Jerry
    $200 17
Cher

Reita
    $400 5
Irving Berlin

Jeff
    $400 22
Iago

Jerry
    $400 2
tweed

Reita
    $400 10
Monaco

Reita
    $400 24
Mickey Spillane

Jeff
    $400 18
(Yuri) Gagarin

Jeff
    $600 6
the Coast Guard

Jeff
    $600 28
Shylock

Jerry
    $600 3
wool

Jeff
    $600 13
Sweden

Jerry
    $600 25
Dashiell Hammett

Reita
    $600 19
a split

Reita
    $800 7
Hap Arnold

Jerry
    $800 29
Claudius

Triple Stumper
    $800 11
flax

Jeff
    $800 14
New Zealand

Reita
    $800 26
John le Carré

Jeff
    $800 20
Attila the Hun

Reita
    $1000 8
the Sullivans

Jerry
    $1,200 30
(Jerry: Who is Richard III?)

Macbeth

Jerry
    $1000 12
the woof

Triple Stumper
    $1,500 15
(Alex: The capital city of Ethiopia.)

Addis Ababa

Reita
    $1000 27
Lord Peter Wimsey

Reita
    $1000 21
Ohio

Reita

Scores at the end of the Double Jeopardy! Round:

Jeff Reita Jerry
$8,400 $9,400 $5,000

[wagering suggestions for these scores]

Final Jeopardy! Round responses

STATE CAPITALS
JerryWhat is Salem?
$3,600
JeffWhat is A Sacrame Columbus?
$6,000
ReitaWhat is Salem?
$9,300
Salem

Final scores:

Jeff Reita Jerry
$2,400 $18,700 $8,600
3rd place: Peoploungers chaise longue + Jeopardy! home game New champion: $18,700 2nd place: trip to Santa Cruz & stay at the Dream Inn & Magnavox VHS camcorder + Jeopardy! home game

Game dynamics:

Coryat scores:

Jeff Reita Jerry
$8,400 $8,900 $6,200
22 R
(including 1 DD),
0 W
18 R
(including 1 DD),
0 W
15 R,
2 W
(including 1 DD)

Combined Coryat: $23,500

[game clues] [game scores] [suggest correction]

Game tape date: Unknown
The J! Archive is created by fans, for fans. Scraping, republication, monetization, and malicious use prohibited; this site may use cookies and collect identifying information. See terms. The Jeopardy! game show and all elements thereof, including but not limited to copyright and trademark thereto, are the property of Jeopardy Productions, Inc. and are protected under law. This website is not affiliated with, sponsored by, or operated by Jeopardy Productions, Inc. Join the discussion at JBoard.tv.